00000000nam 2200000zi 4500
0019.893119
003CaOODSP
00520230503142811
006m     o  d f      
007cr |n|||||||||
008201102e19900201onc|||| of   f00| 0|eng d
040 |aCaOODSP|beng|erda|cCaOODSP
043 |an-cn---
0861 |aIu64-204/1990E-PDF
24500|aStudy guide for the radiotelephone operator's restricted certificate (aeronautical).
264 1|a[Ottawa] : |bIndustry Canada, |cFebruary 1, 1990.
300 |a1 online resource (27 pages)
336 |atext|btxt|2rdacontent
337 |acomputer|bc|2rdamedia
338 |aonline resource|bcr|2rdacarrier
500 |aDigitized edition from print [produced by Innovation, Science and Economic Development Canada].
500 |aIssued also in French under title: Guide d'étude du certificat restreint de radiotéléphoniste (service aéronautique).
500 |a"RIC-21, issue 1."
650 0|aRadiotelephone|zCanada|vHandbooks, manuals, etc.
655 7|aHandbooks and manuals|2lcgft
7101 |aCanada. |bIndustry Canada, |eissuing body.
77508|tGuide d'étude du certificat restreint de radiotéléphoniste (service aéronautique).|w(CaOODSP)9.922229
85640|qPDF|s1.18 MB|uhttps://publications.gc.ca/collections/collection_2023/isde-ised/iu64/Iu64-204-1990-eng.pdf